Concierto Nacional de la gesta de Sandino / (Record no. 169044)

MARC details
000 -LEADER
campo de control de longitud fija 00653nam a22002175i 4500
001 - NÚMERO DE CONTROL
campo de control 169044
003 - IDENTIFICADOR DE NÚMERO DE CONTROL
campo de control ES-MaACL
005 - FECHA Y HORA DE LA ÚLTIMA TRANSACCIÓN
campo de control 20230906213955.0
008 - DATOS DE LONGITUD FIJA--INFORMACIÓN GENERAL
campo de control de longitud fija 080804s2000 sp |||| | spa d
020 ## - NÚMERO INTERNACIONAL ESTÁNDAR DEL LIBRO
Número Internacional Estándar del Libro 84-7962-161-3
080 ## - NÚMERO DE LA CLASIFICACIÓN DECIMAL UNIVERSAL
Número de la Clasificación Decimal Universal 821.134.2(728.5)-14"19"
100 1# - ENTRADA PRINCIPAL--NOMBRE DE PERSONA
Nombre de persona Zepeda-Henríquez, Eduardo.
9 (RLIN) 118193
245 10 - MENCIÓN DEL TÍTULO
Título Concierto Nacional de la gesta de Sandino /
Mención de responsabilidad, etc. Eduardo Zepeda-Henríquez.
260 ## - PUBLICACIÓN, DISTRIBUCIÓN, ETC.
Lugar de publicación, distribución, etc. Madrid :
Nombre del editor, distribuidor, etc. Verbum,
Fecha de publicación, distribución, etc. [2000]
300 ## - DESCRIPCIÓN FÍSICA
Extensión 75 p. ;
Dimensiones 28 cm.
490 1# - MENCIÓN DE SERIE
Mención de serie Verbum poesía
500 ## - NOTA GENERAL
Nota general Retrato fot. del autor.
830 0# - PUNTO DE ACCESO ADICIONAL DE SERIE-TÍTULO UNIFORME
Título uniforme Verbum poesía
9 (RLIN) 179410
852 4# - LOCALIZACIÓN
Ubicación ES-MaACL
Número de control de estantería L-29597
itemnumber R.142947
Holdings
Estatus retirado Estado de pérdida Estado de daño No para préstamo Biblioteca de origen Biblioteca actual Ubicación en estantería Fecha de adquisición Fuente de adquisición Total de préstamos Signatura topográfica completa Código de barras Visto por última vez Precio de reemplazo Tipo de ítem Koha
        Biblioteca del Ateneo de Madrid Biblioteca del Ateneo de Madrid Depósito 2 04/08/2008     L-29597 1177430 23/02/2023 23/02/2023 Libro impreso